Blue Jays Opening Day Roster 2025 - Statistics

General Stats
  • This quiz has been taken 146 times
  • The average score is 19 of 26
Answer Stats
Position/Number Player % Correct
Catcher - #30 Alejandro Kirk
100%
First Basemen - #27 Vladimir Guerrero Jr.
98%
Shortstop - #11 Bo Bichette
96%
Starting Pitcher - #34 Kevin Gausman
93%
Third Basemen/Infielder - #22 Ernie Clement
90%
Corner Outfielder - #4 George Springer
90%
Second Basemen - #0 Andres Gimenez
88%
Starting Pitcher - #17 Jose Berrios
87%
Starting Pitcher - #40 Chris Bassitt
84%
Catcher - #55 Tyler Heineman
84%
Relief Pitcher - #23 Jeff Hoffman
79%
Starting Pitcher - #31 Max Scherzer
79%
Corner Outfielder - #25 Anthony Santander
77%
Center Fielder - #3 Myles Straw
75%
Starting Pitcher - #44 Bowden Francis
73%
Corner Outfielder - #36 Davis Schneider
72%
Center Fielder - #38 Nathan Lukes
69%
Relief Pitcher - #93 Yimi Garcia
69%
Relief Pitcher - #54 Brendon Little
64%
Relief Pitcher - #29 Yariel Rodriguez
59%
Third Basemen/Infielder - #7 Will Wagner
57%
Relief Pitcher - #57 Chad Green
53%
Corner Outfielder - #18 Alan Roden
50%
Relief Pitcher - #52 Nick Sandlin
43%
Relief Pitcher - #58 Richard Lovelady
34%
Relief Pitcher - #67 Jacob Barnes
23%
No matching quizzes found
Score Distribution
Percent of People with Each Score
Percentile by Number Answered
Your Score History
You have not taken this quiz